000 00822cam a22001934a 4500
005 20250605164052.0
008 250528s ||||||||||||||||||||||||d
035 _a17317
020 _a415054249
040 _aGR-AtMCL
_bgre
_dGR-AtMCL
_eAACR2
245 1 _aRecreational Tourism / A Social Science Perspective
260 _bRouledge,
_c1996
300 _a228
520 _aAn overall view of the nature of the tourism experience. Preface, Acknowledgements, Objectives and Aims, The Determinants of Demand for Tourism, The Tourist Experience, The Tourist Resort Area, The Economic Impacts of Tourism, The Social and Cultural Impact of Tourism, Marketing Issues in Tourism, Final Thoughts, Bibliography, Name and Subject Index.
700 1 _aRyan Chris
_93477
942 _cBK
999 _c2745
_d2745